Archiv fủr den thierischen Magnetismus. Jn Verbindung mit mehreren Naturforschern herausgegeben Erster Band. Zweiter Stủck.

Bibliographic Details
Main Authors: Eschenmayer, Carl August, 1768-1852 (Author, Author of introduction, etc.), Kiefer, D. G., 18.-19. storočie (Author, Author of introduction, etc.), Nasse, Friedrich, 18.-19. storočie (Author, Author of introduction, etc.)
Corporate Authors: Brockhaus, Friedrich Arnold (Lipsko, Nemecko) (Printer), Brockhaus, Friedrich Arnold (Altenburg, Nemecko) (Printer)
Format: Book
Language:German
PhysicalDescription:IV, to jest 4, 188 strán 8° 22,5 × 14 cm
Published: Altenburg und Leipzig F. A. Brockhauß 1817
Subjects:

MARC

LEADER 00000nam a2200000 4500
001 vtls012264469
003 SK-MaSNL
005 20260301110027.0
008 251112s1817 gw f 000 0 ger
015 |a SNBHFA 
040 |a SNKHF  |b slo  |c SNK  |e rda 
041 0 |a ger 
044 |a gw  |c DE 
072 7 |a 537.6/.8  |x Magnetizmus. Elektromagnetizmus  |2 konspekt 
080 |a 537.6  |2 2011 
080 |a 001-026.12  |2 2011 
080 |a 82-96  |2 2011 
080 |a 001.8  |2 2011 
100 1 |a Eschenmayer, Carl August,  |d 1768-1852  |4 aut  |4 aui  |9 56081 
245 1 0 |a Archiv fủr den thierischen Magnetismus.  |b Jn Verbindung mit mehreren Naturforschern herausgegeben  |n Erster Band. Zweiter Stủck.  |c von Dr. C. A. von Eschenmayer, Professor zu Tủbingen. Dr. D. G. Kiefer, Professor zu Jena. Dr. Fr. Nasse, Professor zu Halle 
246 3 4 |a Archiv fủr den thierischen Magnetismus.  |b Jn Verbindung mit mehreren Naturforschern herausgegeben von Dr. C. A. von Eschenmayer, Professor zu Tủbingen. Dr. D. G. Kiefer, Professor zu Jena. Dr. Fr. Nasse, Professor zu Halle  |n Erster Band. Zweiter Stủck 
246 3 8 |a Archiv fủr den thierischen Magnetismus. 1. Bd. 2. St. 
264 1 |a Altenburg und Leipzig  |b F. A. Brockhauß  |c 1817 
300 |a IV, to jest 4, 188 strán  |c 8°  |c 22,5 × 14 cm 
336 |a text  |b txt  |2 rdacontent 
337 |a bez média  |b n  |2 rdamedia 
338 |a zväzok  |b nc  |2 rdacarrier 
500 |a Linky 
504 |a Poznámky pod čiarou 
508 |a Predslov autorov 
510 4 |a WorldCat  |c 949903415 
546 |a Nemčina  |b Fraktúra 
561 |a Proveniencia: Pečiatka Dr. E. Kadarász-vernot Poz Margity Zayovej.  |5 SNK IC 146340/1/2 
563 |a Väzba: tmavosivá papierová lepenková obálka.  |5 SNK IC 146340/1/2 
650 0 7 |a magnetizmus  |2 SNKPH  |9 1778 
650 0 7 |a vedecká činnosť  |2 SNKPH  |9 66912 
650 0 7 |a odborná literatúra  |2 SNKPH  |9 63941 
650 0 7 |a vedecká metodológia  |2 SNKPH  |9 1596 
700 1 |a Kiefer, D. G.,  |d 18.-19. storočie  |4 aut  |4 aui  |9 447321 
700 1 |a Nasse, Friedrich,  |d 18.-19. storočie  |4 aut  |4 aui  |9 447322 
700 1 |a Zaiová, Margita,  |d 1868-1937  |4 fmo  |9 186369 
710 0 |a Brockhaus, Friedrich Arnold (Lipsko, Nemecko),  |d 1814-1823  |4 prt  |9 370317 
710 0 |a Brockhaus, Friedrich Arnold (Altenburg, Nemecko),  |d 1811-1817  |4 prt  |9 447323 
752 |a Nemecko  |d Altenburg 
752 |a Nemecko  |d Lipsko 
852 |a Slovenská národná knižnica  |b Zaiova knižnica: Zay 8225 (Z 9705)  |p IC 146340/1/2 
958 |a DF 
958 |a ONDV 
999 |c 702201  |d 704131 
952 |t Zay 8225 (Z 9705)  |a SNK  |b SNK  |c SNK_HF  |y PREZ  |7 0  |p 17A1487898  |o snkIC 146340/1/2  |i snk2024/15079  |8 5  |0 0  |1 0  |4 0  |d 2024-09-30  |l 0  |r 2026-02-23 21:02:47  |w 2026-02-23